[Event "World Junior U20 Open 2018"]
[Site "Gebze"]
[Date "2018.09.06"]
[Round "2.67"]
[White "Caglar, Ahmet Ata"]
[Black "Dobrovoljc, Vid"]
[Result "0-1"]
[WhiteElo "2071"]
[BlackElo "2316"]
[Annotator "NA"]
[PlyCount "70"]
[EventDate "2018.09.05"]
[EventType "swiss"]
[EventCountry "TUR"]
[SourceTitle "playchess.com"]
[Source "ChessBase"]
[SourceQuality "1"]
[TimeControl "40/5400+30:1800+30"]

1. d4 {[%emt 0:00:30]} Nf6 {[%emt 0:00:30]} 2. c4 {[%emt 0:00:00]} g6 {[%emt 0:00:30]} 3. Nc3 {[%emt 0:00:00]} Bg7 {[%emt 0:00:00]} 4. e4 {[%emt 0:00:30]} d6 {[%emt 0:00:00]} 5. Nf3 {[%emt 0:00:30]} O-O {[%emt 0:00:30]} 6. Be2 {[%emt 0:00:30]} e5 {[%emt 0:00:30]} 7. O-O {[%emt 0:00:00]} Nc6 {[%emt 0:01:30]} 8. d5 {[%emt 0:00:00]} Ne7 {[%emt 0:00:00]} 9. Ne1 {[%emt 0:00:00]} Nd7 {[%emt 0:00:00]} 10. Be3 {[%emt 0:00:00]} f5 {[%emt 0:00:30]} 11. f3 {[%emt 0:00:00]} f4 {[%emt 0:00:30]} 12. Bf2 {[%emt 0:00:00]} g5 {[%emt 0:00:30]} 13. Rc1 {[%emt 0:00:00]} Rf6 {[%emt 0:00:30]} 14. Nd3 {[%emt 0:02:00]} Rh6 {[%emt 0:01:30]} 15. c5 {[%emt 0:01:30]} a6 {[%emt 0:02:30]} 16. c6 {[%emt 0:15:30]} bxc6 {[%emt 0:00:00]} 17. dxc6 {[%emt 0:00:30]} Nf8 {[%emt 0:00:00]} 18. Nb4 {[%emt 0:07:30]} Qe8 {[%emt 0:01:30]} 19. Ncd5 {[%emt 0:04:30]} Nxd5 {[%emt 0:00:30]} 20. Nxd5 {[%emt 0:00:30]} Qh5 {[%emt 0:02:30]} 21. h4 {[%emt 0:00:00]} Ne6 {[%emt 0:00:30]} 22. Ne7+ {[%emt 0:15:00]} Kh8 {[%emt 0:00:30]} 23. Qb3 {[%emt 0:07:30]} gxh4 {[%emt 0:12:30]} 24. Kh1 {[%emt 0:11:30]} Qg5 {[%emt 0:22:30]} 25. Nf5 {[%emt 0:00:30]} h3 {[%emt 0:13:30]} 26. g3 {[%emt 0:02:30]} fxg3 {[%emt 0:02:30]} 27. Bxg3 {[%emt 0:00:30]} Nd4 {[%emt 0:01:30]} 28. f4 {[%emt 0:08:30]} exf4 {[%emt 0:08:30]} 29. Nxh6 {[%emt 0:01:30]} Bxh6 {[%emt 0:00:30]} 30. Qc3 {[%emt 0:01:30]} fxg3 {[%emt 0:05:30]} 31. Qxd4+ {[%emt 0:01:30]} Qe5 {[%emt 0:00:00]} 32. Qxe5+ {[%emt 0:00:30]} dxe5 {[%emt 0:00:00]} 33. Rcd1 {[%emt 0:00:00]} g2+ {[%emt 0:00:30]} 34. Kh2 {[%emt 0:00:00]} gxf1=Q {[%emt 0:00:30]} 35. Bxf1 {[%emt 0:00:30]} Bf4+ {[%emt 0:00:00]} 0-1

[Event "World Junior U20 Open 2018"]
[Site "Gebze"]
[Date "2018.09.06"]
[Round "2.68"]
[White "Nastase, Robert-Paul"]
[Black "Gunduz, Umut Erdem"]
[Result "1-0"]
[WhiteElo "2313"]
[BlackElo "2119"]
[Annotator "NA"]
[PlyCount "63"]
[EventDate "2018.09.05"]
[EventType "swiss"]
[EventCountry "TUR"]
[SourceTitle "playchess.com"]
[Source "ChessBase"]
[SourceQuality "1"]
[TimeControl "40/5400+30:1800+30"]

1. e4 {[%emt 0:00:30]} e5 {[%emt 0:00:30]} 2. Nf3 {[%emt 0:00:30]} Nc6 {[%emt 0:00:00]} 3. Bc4 {[%emt 0:00:00]} Bc5 {[%emt 0:00:00]} 4. b4 {[%emt 0:00:00]} Bxb4 {[%emt 0:00:30]} 5. c3 {[%emt 0:00:00]} Be7 {[%emt 0:00:30]} 6. d4 {[%emt 0:00:00]} Na5 {[%emt 0:00:30]} 7. Be2 {[%emt 0:00:00]} d6 {[%emt 0:09:30]} 8. Qa4+ {[%emt 0:00:00]} c6 {[%emt 0:00:30]} 9. dxe5 {[%emt 0:00:00]} dxe5 {[%emt 0:01:30]} 10. Nxe5 {[%emt 0:00:00]} Nf6 {[%emt 0:03:30]} 11. O-O {[%emt 0:00:00]} O-O {[%emt 0:01:30]} 12. Rd1 {[%emt 0:11:00]} Qc7 {[%emt 0:03:30]} 13. Bf4 {[%emt 0:00:30]} b5 {[%emt 0:17:30]} 14. Qc2 {[%emt 0:01:30]} Qb6 {[%emt 0:04:30]} 15. Nd2 {[%emt 0:06:30]} Be6 {[%emt 0:05:30]} 16. Ndf3 {[%emt 0:10:30]} Ng4 {[%emt 0:06:30]} 17. Nd3 {[%emt 0:03:30]} Nc4 {[%emt 0:02:30]} 18. e5 {[%emt 0:09:30]} Na3 {[%emt 0:35:25]} 19. Qd2 {[%emt 0:00:30]} c5 {[%emt 0:02:33]} 20. Rf1 {[%emt 0:17:30]} f6 {[%emt 0:01:09]} 21. exf6 {[%emt 0:02:30]} Nxf6 {[%emt 0:00:30]} 22. Nde5 {[%emt 0:00:30]} Rad8 {[%emt 0:02:19]} 23. Qb2 {[%emt 0:01:30]} Nd5 {[%emt 0:00:28]} 24. Bg5 {[%emt 0:01:30]} Bxg5 {[%emt 0:00:33]} 25. Nxg5 {[%emt 0:00:00]} b4 {[%emt 0:00:29]} 26. cxb4 {[%emt 0:02:00]} cxb4 {[%emt 0:00:13]} 27. Rac1 {[%emt 0:03:30]} Rc8 {[%emt 0:00:47]} 28. Nc4 {[%emt 0:00:30]} Nxc4 {[%emt 0:00:27]} 29. Bxc4 {[%emt 0:00:30]} Rfd8 {[%emt 0:00:35]} 30. Qe5 {[%emt 0:01:30]} Rxc4 {[%emt 0:00:30]} 31. Nxe6 {[%emt 0:00:30]} Re8 {[%emt 0:00:30]} 32. Qxg7# {[%emt 0:00:30]} 1-0

[Event "World Junior U20 Open 2018"]
[Site "Gebze"]
[Date "2018.09.06"]
[Round "2.69"]
[White "Aydincelebi, Kagan"]
[Black "Zlatin, Alexander"]
[Result "1-0"]
[WhiteElo "2060"]
[BlackElo "2312"]
[Annotator "NA"]
[PlyCount "63"]
[EventDate "2018.09.05"]
[EventType "swiss"]
[EventCountry "TUR"]
[SourceTitle "playchess.com"]
[Source "ChessBase"]
[SourceQuality "1"]
[TimeControl "40/5400+30:1800+30"]

1. e4 {[%emt 0:00:30]} e5 {[%emt 0:00:30]} 2. Nf3 {[%emt 0:00:30]} Nc6 {[%emt 0:00:00]} 3. Bb5 {[%emt 0:00:00]} a6 {[%emt 0:00:00]} 4. Bxc6 {[%emt 0:00:00]} dxc6 {[%emt 0:00:30]} 5. O-O {[%emt 0:00:30]} Bg4 {[%emt 0:00:30]} 6. h3 {[%emt 0:00:30]} h5 {[%emt 0:00:30]} 7. d3 {[%emt 0:00:30]} Qf6 {[%emt 0:00:30]} 8. Nbd2 {[%emt 0:00:30]} Ne7 {[%emt 0:00:30]} 9. Nc4 {[%emt 0:00:30]} Bxf3 {[%emt 0:00:30]} 10. Qxf3 {[%emt 0:00:30]} Qxf3 {[%emt 0:00:30]} 11. gxf3 {[%emt 0:00:30]} Ng6 {[%emt 0:00:30]} 12. Rd1 {[%emt 0:00:30]} O-O-O {[%emt 0:00:30]} 13. Kf1 {[%emt 0:00:30]} b6 {[%emt 0:00:30]} 14. Be3 {[%emt 0:00:30]} c5 {[%emt 0:00:30]} 15. a4 {[%emt 0:00:30]} a5 {[%emt 0:00:30]} 16. Ke2 {[%emt 0:00:30]} Be7 {[%emt 0:00:30]} 17. Rg1 {[%emt 0:00:30]} Bf6 {[%emt 0:00:30]} 18. c3 {[%emt 0:00:30]} Rd7 {[%emt 0:00:30]} 19. Rad1 {[%emt 0:03:30]} Rhd8 {[%emt 0:16:30]} 20. Rd2 {[%emt 0:00:00]} Kb7 {[%emt 0:00:30]} 21. Rb1 {[%emt 0:02:00]} Kc6 {[%emt 0:04:30]} 22. b4 {[%emt 0:15:30]} axb4 {[%emt 0:15:30]} 23. cxb4 {[%emt 0:00:30]} cxb4 {[%emt 0:19:30]} 24. Rxb4 {[%emt 0:00:00]} Nf4+ {[%emt 0:06:30]} 25. Bxf4 {[%emt 0:01:00]} exf4 {[%emt 0:01:30]} 26. Rc2 {[%emt 0:00:30]} Kb7 {[%emt 0:00:30]} 27. Na5+ {[%emt 0:00:30]} Ka6 {[%emt 0:02:30]} 28. Nc6 {[%emt 0:00:30]} Re8 {[%emt 0:02:30]} 29. a5 {[%emt 0:12:30]} bxa5 {[%emt 0:04:30]} 30. Rb8 {[%emt 0:01:30]} Re6 {[%emt 0:01:30]} 31. Rb1 {[%emt 0:00:30]} Re8 {[%emt 0:01:30]} 32. Rc5 {[%emt 0:00:30]} 1-0

[Event "World Junior U20 Open 2018"]
[Site "Gebze"]
[Date "2018.09.06"]
[Round "2.70"]
[White "Suleymenov, Alisher"]
[Black "Cansun, Can Alp"]
[Result "1-0"]
[WhiteElo "2307"]
[BlackElo "2110"]
[Annotator "NA"]
[PlyCount "83"]
[EventDate "2018.09.05"]
[EventType "swiss"]
[EventCountry "TUR"]
[SourceTitle "playchess.com"]
[Source "ChessBase"]
[SourceQuality "1"]
[TimeControl "40/5400+30:1800+30"]

1. d4 {[%emt 0:01:30]} Nf6 {[%emt 0:00:30]} 2. c4 {[%emt 0:00:30]} e6 {[%emt 0:00:30]} 3. g3 {[%emt 0:00:30]} d5 {[%emt 0:00:30]} 4. Nf3 {[%emt 0:00:30]} Be7 {[%emt 0:00:30]} 5. Bg2 {[%emt 0:00:00]} O-O {[%emt 0:00:30]} 6. O-O {[%emt 0:00:00]} dxc4 {[%emt 0:00:00]} 7. Qc2 {[%emt 0:00:00]} a6 {[%emt 0:00:00]} 8. a4 {[%emt 0:00:00]} Bd7 {[%emt 0:00:30]} 9. Rd1 {[%emt 0:00:00]} Bc6 {[%emt 0:08:30]} 10. Nc3 {[%emt 0:01:00]} Bb4 {[%emt 0:06:30]} 11. Bg5 {[%emt 0:00:30]} Bxc3 {[%emt 0:07:30]} 12. bxc3 {[%emt 0:01:30]} Be4 {[%emt 0:06:30]} 13. Qc1 {[%emt 0:20:30]} Qd5 {[%emt 0:08:30]} 14. Bxf6 {[%emt 0:10:30]} gxf6 {[%emt 0:00:00]} 15. Qf4 {[%emt 0:00:30]} Nd7 {[%emt 0:08:00]} 16. Qxc7 {[%emt 0:04:30]} Rfc8 {[%emt 0:02:30]} 17. Qf4 {[%emt 0:00:30]} b5 {[%emt 0:07:30]} 18. Qg4+ {[%emt 0:08:30]} Kf8 {[%emt 0:03:30]} 19. Qh4 {[%emt 0:02:30]} Ke7 {[%emt 0:03:30]} 20. Bh3 {[%emt 0:05:30]} Bf5 {[%emt 0:20:17]} 21. Bg2 {[%emt 0:03:30]} Be4 {[%emt 0:00:06]} 22. Bf1 {[%emt 0:00:30]} Bg6 {[%emt 0:00:33]} 23. Ne5 {[%emt 0:03:30]} Be4 {[%emt 0:09:40]} 24. Nxd7 {[%emt 0:05:30]} Kxd7 {[%emt 0:00:11]} 25. Qxf6 {[%emt 0:00:30]} Ke8 {[%emt 0:02:07]} 26. Rd2 {[%emt 0:06:30]} b4 {[%emt 0:00:19]} 27. f3 {[%emt 0:00:00]} Qf5 {[%emt 0:02:53]} 28. Qxf5 {[%emt 0:07:52]} Bxf5 {[%emt 0:00:01]} 29. e4 {[%emt 0:00:40]} Bg6 {[%emt 0:00:34]} 30. cxb4 {[%emt 0:00:12]} f5 {[%emt 0:00:06]} 31. Rc1 {[%emt 0:08:30]} fxe4 {[%emt 0:01:00]} 32. fxe4 {[%emt 0:00:30]} Bxe4 {[%emt 0:00:30]} 33. Rxc4 {[%emt 0:00:30]} Rxc4 {[%emt 0:00:30]} 34. Bxc4 {[%emt 0:00:30]} Rb8 {[%emt 0:00:34]} 35. Rb2 {[%emt 0:00:08]} Rb6 {[%emt 0:00:28]} 36. Kf2 {[%emt 0:00:36]} Ke7 {[%emt 0:00:21]} 37. Ke3 {[%emt 0:00:35]} Bg6 {[%emt 0:00:03]} 38. Bd3 {[%emt 0:01:00]} Be8 {[%emt 0:00:51]} 39. a5 {[%emt 0:00:15]} Rd6 {[%emt 0:00:01]} 40. Bxh7 {[%emt 0:00:00]} Rc6 {[%emt 0:00:00]} 41. Rc2 {[%emt 0:01:12]} Rd6 {[%emt 0:01:55]} 42. Bd3 {[%emt 0:01:30]} 1-0

[Event "World Junior U20 Open 2018"]
[Site "Gebze"]
[Date "2018.09.06"]
[Round "2.71"]
[White "Lin, Peisen"]
[Black "Jogstad, Martin"]
[Result "0-1"]
[WhiteElo "2034"]
[BlackElo "2305"]
[Annotator "TA"]
[PlyCount "208"]
[EventDate "2018.09.05"]
[EventType "swiss"]
[EventCountry "TUR"]
[SourceTitle "playchess.com"]
[Source "ChessBase"]
[SourceQuality "1"]

{[%evp 21,208,16,20,22,18,18,18,18,20,20,20,17,15,29,32,20,16,7,20,14,22,0,0,-3,0,0,44,-41,-39,-121,-139,-306,-239,-405,-84,-92,-92,-79,-85,-83,-86,-86,-88,-90,-84,-104,-39,-39,-39,-39,-39,-48,-39,-39,-39,-39,-39,-47,-47,-47,-47,-48,-48,-48,-47,-48,-47,-48,-48,-48,0,-48,-47,-48,-47,-48,-47,-48,-48,-48,-47,-47,-28,-28,-28,-28,-28,-28,-28,-28,-28,-28,-28,-28,-28,-28,-28,-28,-28,-28,-28,-28,-28,-28,-28,-28,-28,-28,-28,-28,-21,-21,0,-28,-21,-28,-28,-28,-28,-28,-28,-28,-28,-28,-28,-45,-53,-55,-49,-83,-83,-133,-133,-133,-133,-133,-133,-133,-133,-133,-133,-133,0,-133,-133,-133,-133,-133,-133,-166,-166,-166,-166,-166,-166,-166,-139,-166,-166,-166,-139,-139,-139,-139,-139,-139,-133,-133,-133,-133,-133,-166,-166,-29973,-29974,-29974,-29975,-29974,-29975,-29977,-29978,-29978,-29979,-29981,-29979,-29980,-29981,-29982,-29982]} 1. e4 c5 2. Nf3 e6 3. d4 cxd4 4. Nxd4 Nc6 5. Nc3 Qc7 6. Be3 a6 7. Qf3 {B48: Sicilian: Taimanov: 5 Nc3 Qc7 6 Be3 a6 without Be2} Bd6 (7... Nf6 8. O-O-O Ne5 9. Qg3 b5 10. a3 Bb7 11. Bxb5 Rc8 12. Ba4 Nxe4 13. Nxe4 Bxe4 14. Bf4 Qc4 15. Bxe5 Qxa4 {1-0 (38) Vachier Lagrave,M (2789)-Anand,V (2776) Karlsruhe/Baden-Baden 2018}) 8. O-O-O Be5 9. g3 b5 10. Qe2 Bb7 11. f4 Bxd4 {LiveBook: 5 Games} 12. Bxd4 Nxd4 13. Rxd4 Qc5 14. Qd2 $146 Bc6 15. Bg2 b4 16. Nd1 a5 {[%cal Ba6a5,Ba5a4,Ba4b3][%mdl 32]} 17. Ne3 Ne7 18. Rd1 {[%cal Rd4d7]} O-O 19. e5 Rab8 20. Kb1 a4 21. h4 h6 22. g4 Bxg2 23. Qxg2 Rfc8 24. Qe4 (24. Qd2 $14) 24... b3 $15 25. axb3 (25. Rc4 $15 bxa2+ 26. Kxa2) 25... axb3 $17 26. c4 $2 (26. c3 $17 Nd5 27. Nxd5 exd5 28. Qd3 (28. Rxd5 Qa7 $17)) 26... Qa5 {aiming for ...Rb4.} 27. Rxd7 $2 (27. Kc1) 27... Nd5 $2 (27... Rb4 $19 {Hoping for ...Ra4.} 28. R7d3 (28. Rxe7 $2 Ra4 $19) 28... Nd5 $1 {[%mdl 512]} 29. Rxd5 exd5 30. Qxd5 Qa2+ 31. Kc1 Qa1+ 32. Kd2 Qxb2+ 33. Ke1 Qh2) 28. Nxd5 exd5 29. Qxd5 Qa2+ 30. Kc1 Qa1+ 31. Kd2 Qxb2+ 32. Ke3 Qc3+ 33. Kf2 Qxc4 (33... Rf8 $1 $17 {Strongly threatening ...b2.} 34. Qd3 Qa5) 34. Qxc4 $15 Rxc4 35. Rd8+ Rxd8 36. Rxd8+ {[%mdl 4096] Endgame KR-KR} Kh7 37. Rb8 Rxf4+ 38. Kg3 Re4 39. Rxb3 h5 40. g5 Rxe5 41. Rb6 Re3+ 42. Kg2 Re6 43. Rb5 Rd6 44. Kg3 Rd3+ 45. Kg2 Rd6 46. Kg3 Kg6 47. Ra5 Rb6 48. Rc5 Ra6 49. Rb5 Ra3+ 50. Kg2 Re3 51. Ra5 f6 52. gxf6 gxf6 53. Rb5 Re5 54. Rb6 Rd5 55. Kg3 Rd3+ 56. Kg2 Rd4 57. Kg3 $1 Rg4+ 58. Kh3 $1 Re4 59. Kg3 Re3+ 60. Kg2 Kf5 61. Rb5+ Re5 62. Rb6 Rd5 63. Kg3 Rd3+ 64. Kg2 Ke5 65. Rb8 Rd4 66. Kg3 Rd3+ 67. Kg2 Ke4 68. Re8+ Kf4 69. Rb8 Rg3+ 70. Kh2 $1 {Threatens to win with Rb4+.} Re3 71. Kg2 Re4 72. Kh3 Re1 {Black wants to play ...Rh1+.} 73. Rb4+ Kf3 {[%cal Re1h1]} 74. Rb3+ Re3 75. Rb8 f5 76. Rf8 Kf4+ 77. Kg2 Kg4 78. Kf2 Rf3+ 79. Kg2 Rg3+ 80. Kf2 {White wants to mate with Rg8+.} Rh3 ({Of course not} 80... Kxh4 $6 81. Rxf5 Rg6 82. Rc5 $11) 81. Rg8+ Kf4 (81... Kxh4 $17 82. Kg2 Ra3) 82. Ra8 (82. Kg2 $11 Rxh4 83. Ra8) 82... Rh2+ $17 83. Kg1 Rxh4 84. Kg2 Rg4+ 85. Kf2 Rg7 86. Ra4+ Kg5 87. Kf3 Rb7 88. Ra8 Rb3+ 89. Kf2 h4 {[%cal Bh5h4,Bh4h3][%mdl 32]} 90. Kg2 Kg4 91. Rg8+ Kf4 {( -> ...Rg3+)} 92. Rf8 Re3 93. Rf7 h3+ 94. Kh2 Ke4 95. Re7+ Kf3 96. Rf7 f4 {[%cal Bf5f4,Bf4f3,Bf3f2][%mdl 32]} 97. Kxh3 $2 {[#]} (97. Rf8 $19) 97... Kf2+ $1 {Black mates.} 98. Kh2 f3 99. Ra7 {[#]} Kf1 $1 100. Ra1+ Re1 101. Ra3 f2 102. Ra8 Rd1 103. Re8 Rd7 104. Rh8 Re7 {Precision: White = 59%, Black = 65%.} 0-1

[Event "World Junior U20 Open 2018"]
[Site "Gebze"]
[Date "2018.09.06"]
[Round "2.72"]
[White "Ozenir, Ekin Baris"]
[Black "Erdogan, Anil Berk"]
[Result "1-0"]
[WhiteElo "2303"]
[BlackElo "2083"]
[Annotator "NA"]
[PlyCount "43"]
[EventDate "2018.09.05"]
[EventType "swiss"]
[EventCountry "TUR"]
[SourceTitle "playchess.com"]
[Source "ChessBase"]
[SourceQuality "1"]
[TimeControl "40/5400+30:1800+30"]

1. d4 {[%emt 0:00:30]} Nf6 {[%emt 0:00:30]} 2. Bg5 {[%emt 0:00:30]} e6 {[%emt 0:00:30]} 3. e4 {[%emt 0:00:30]} c5 {[%emt 0:00:00]} 4. d5 {[%emt 0:02:30]} h6 {[%emt 0:01:00]} 5. Bxf6 {[%emt 0:01:30]} Qxf6 {[%emt 0:00:30]} 6. Nc3 {[%emt 0:00:30]} a6 {[%emt 0:00:30]} 7. Nf3 {[%emt 0:02:30]} d6 {[%emt 0:03:30]} 8. a4 {[%emt 0:03:30]} e5 {[%emt 0:13:30]} 9. Nd2 {[%emt 0:03:30]} b6 {[%emt 0:13:30]} 10. Ra3 {[%emt 0:07:30]} Be7 {[%emt 0:08:30]} 11. Rb3 {[%emt 0:05:30]} Nd7 {[%emt 0:01:30]} 12. Be2 {[%emt 0:02:30]} O-O {[%emt 0:02:30]} 13. O-O {[%emt 0:00:30]} g6 {[%emt 0:02:30]} 14. Bg4 {[%emt 0:04:30]} Qg5 {[%emt 0:10:30]} 15. Nc4 {[%emt 0:11:30]} f5 {[%emt 0:04:30]} 16. exf5 {[%emt 0:05:30]} gxf5 {[%emt 0:00:30]} 17. Bh3 {[%emt 0:00:30]} Qf6 {[%emt 0:15:09]} 18. Qh5 {[%emt 0:08:30]} Bd8 {[%emt 0:05:12]} 19. Ne2 {[%emt 0:03:30]} Rf7 {[%emt 0:10:20]} 20. Rg3+ {[%emt 0:03:30]} Rg7 {[%emt 0:02:17]} 21. Bxf5 {[%emt 0:01:30]} b5 {[%emt 0:02:01]} 22. Be6+ {[%emt 0:01:30]} 1-0

[Event "World Junior U20 Open 2018"]
[Site "Gebze"]
[Date "2018.09.06"]
[Round "2.73"]
[White "Rajic, Ivan"]
[Black "Tifferet, Shaked"]
[Result "0-1"]
[WhiteElo "2021"]
[BlackElo "2299"]
[Annotator "TA"]
[PlyCount "123"]
[EventDate "2018.09.05"]
[EventType "swiss"]
[EventCountry "TUR"]
[SourceTitle "playchess.com"]
[Source "ChessBase"]
[SourceQuality "1"]

{[%evp 26,123,-16,-8,8,-25,-14,-21,-15,-35,-39,-29,0,-14,0,0,0,-30,-5,-35,0,-118,-33,-27,-21,-33,-24,-34,-32,-46,-33,-32,-40,-40,-27,-19,0,-47,-27,-111,-94,-63,-83,-46,0,0,0,0,0,0,0,0,0,-175,-164,-147,-169,-150,0,0,0,0,0,-80,-97,-368,0,-296,-319,-1030,-847,-1969,-1715,-12836,-12836,-12839,-12839,-6992,-5010,-1348,-89,-2374,-2442,-4778,-2327,-1936,-1470,-1161,-1178,-12845,-12845,-12845,-12846,-12846,-12847,-12847,-12847,-12848,-12848,-12850]} 1. e4 e5 2. Nf3 Nc6 3. d4 exd4 4. Bc4 Bc5 5. c3 Nf6 6. cxd4 Bb4+ 7. Bd2 Bxd2+ 8. Nbxd2 d5 9. exd5 Nxd5 10. Qb3 Na5 (10... Nce7 11. O-O O-O 12. Rfe1 c6 13. Ne4 Nb6 14. Bd3 Ned5 15. Nc5 Nf6 16. Rac1 Rb8 17. Qa3 a6 18. Qb3 Qc7 19. Ne4 Nfd5 20. Nc3 Qd6 21. Be4 {½-½ (36) Jones,G (2640)-Karjakin,S (2753) Wijk aan Zee 2018}) 11. Qa4+ Nc6 12. Qa3 {C54: Giuoco Piano: 4 c3 Nf6, main lines with 5 d4 and 5 d3} Qe7+ 13. Qxe7+ Ncxe7 14. O-O {LiveBook: 6 Games. The position is equal.} Bf5 15. Rfe1 (15. Bxd5 $5 Nxd5 16. Rfe1+ Be6 17. Ng5 $14) 15... O-O-O {[#]} 16. a3 $146 ({Predecessor:} 16. Rac1 f6 17. Nh4 Bd7 18. Ne4 Bc6 19. Nc5 g5 20. Nf3 Ng6 21. Bd3 Nb4 22. Bf5+ Kb8 23. a3 Bxf3 24. axb4 Nh4 25. Nd7+ Ka8 26. Rxc7 {½-½ (28) Rebord,M (2525)-Almiron,L (2561) ICCF email 2007}) 16... f6 17. h3 Kb8 18. Ne4 Bxe4 19. Rxe4 Rd7 20. Rae1 Rhd8 21. g4 a6 22. Kh2 Nc6 23. g5 (23. Kg3 $11 {keeps the balance.}) 23... Nb6 (23... fxg5 $1 $17 {Hoping for ...Nf6.} 24. Ne5 Nxe5 25. dxe5 Ne7) 24. Be6 $15 {Strongly threatening gxf6.} Nxd4 25. Nxd4 Rxd4 26. gxf6 gxf6 27. Bf5 Rd2 28. R1e2 h6 29. Kg3 Rxe2 30. Rxe2 {[%mdl 4096] Endgame KRB-KRN} Rd5 31. Bg4 Nc4 32. Re8+ (32. Be6 $11 Rg5+ 33. Kf3) 32... Ka7 $17 33. Rh8 f5 34. Be2 Nd6 35. Bf3 Rd2 36. Rxh6 Rxb2 37. Re6 Nb5 38. Re3 c5 39. Re5 $2 (39. h4 $11 {and White is okay.}) 39... c4 $19 {And now ...c3 would win.} ({Not} 39... Nxa3 40. Rxc5 Nb5 41. Rxf5 $11) 40. Rc5 Nxa3 41. h4 {[#]} f4+ $1 42. Kxf4 $11 {next h5 is good for White.} Kb6 43. Rc8 Rb4 {...c3+ is the strong threat.} 44. Be4 (44. Kg5 $1 $11 Nb5 45. h5) 44... Nb5 $17 45. h5 $2 {[%mdl 8192] [#]} (45. Rg8 $17 {was necessary.}) 45... c3 $2 (45... Nd6 $1 $19 {[%cal Rd6c8]} 46. h6 c3 47. Rxc3 Rxe4+ 48. Kg5 Re5+ 49. Kg4 Re7) 46. h6 $2 {[%mdl 8192]} (46. f3 $11 Nc7 47. Rg8) 46... Nd6 $1 $19 {[%csl LRc8,LRe4]} 47. h7 $2 (47. Rxc3 Nxe4 48. Re3 Nd6+ 49. Kg5 Nf7+ 50. Kg6 Nxh6 51. Kxh6) 47... Rxe4+ 48. Kf3 Nxc8 49. h8=Q {KQ-KRN} Rc4 50. Qd8+ Ka7 51. Qd3 Rc6 52. Qc2 Nd6 $2 (52... Nb6 $19 {and Black stays clearly on top.} 53. Ke4 Nd7) 53. Ke3 $2 {[%mdl 8192]} (53. Ke2 $17) 53... Nb5 {Black is clearly winning.} 54. f4 Na3 55. Qc1 c2 56. f5 Nc4+ 57. Kd3 Na5 58. f6 {[#]} Nb3 $1 {[%cal Rb3c1]} 59. Qg1+ Rc5 60. f7 c1=Q 61. Qxc1 Nxc1+ 62. Kd4 {Precision: White = 33%, Black = 54%.} 0-1

[Event "World Junior U20 Open 2018"]
[Site "Gebze"]
[Date "2018.09.06"]
[Round "2.74"]
[White "Milosevic, Milos"]
[Black "Ozturk, Efe Hakan"]
[Result "1-0"]
[WhiteElo "2292"]
[BlackElo "2065"]
[Annotator "NA"]
[PlyCount "59"]
[EventDate "2018.09.05"]
[EventType "swiss"]
[EventCountry "TUR"]
[SourceTitle "playchess.com"]
[Source "ChessBase"]
[SourceQuality "1"]
[TimeControl "40/5400+30:1800+30"]

1. e4 {[%emt 0:00:30]} c5 {[%emt 0:00:30]} 2. Nc3 {[%emt 0:00:00]} d6 {[%emt 0:00:30]} 3. d4 {[%emt 0:00:00]} cxd4 {[%emt 0:00:30]} 4. Qxd4 {[%emt 0:00:30]} Nc6 {[%emt 0:00:30]} 5. Qd2 {[%emt 0:00:00]} g6 {[%emt 0:02:30]} 6. b3 {[%emt 0:00:00]} Bg7 {[%emt 0:01:30]} 7. Bb2 {[%emt 0:00:00]} Nf6 {[%emt 0:02:30]} 8. O-O-O {[%emt 0:00:00]} O-O {[%emt 0:01:30]} 9. f3 {[%emt 0:00:30]} a6 {[%emt 0:08:30]} 10. g4 {[%emt 0:01:30]} b5 {[%emt 0:01:30]} 11. h4 {[%emt 0:03:30]} h5 {[%emt 0:03:30]} 12. Nd5 {[%emt 0:13:30]} e5 {[%emt 0:25:30]} 13. Nxf6+ $16 {[%emt 0:02:30]} Qxf6 {[%emt 0:01:30]} 14. gxh5 {[%emt 0:00:30]} gxh5 {[%emt 0:00:30]} 15. Kb1 {[%emt 0:01:30]} Bh6 {[%emt 0:02:30]} 16. Qf2 {[%emt 0:06:30]} Bb7 {[%emt 0:06:30]} 17. Nh3 {[%emt 0:00:30]} Rac8 {[%emt 0:02:30]} 18. Ng5 {[%emt 0:11:30]} Nb4 {[%emt 0:09:30]} 19. Rd2 {[%emt 0:01:30]} d5 {[%emt 0:14:17]} 20. a3 {[%emt 0:04:30]} Nxc2 {[%emt 0:00:15]} 21. Rxc2 {[%emt 0:00:30]} dxe4 {[%emt 0:00:45]} 22. Rg1 {[%emt 0:01:30]} Kh8 {[%emt 0:05:41]} 23. Rxc8 {[%emt 0:00:30]} Bxc8 {[%emt 0:00:20]} 24. f4 {[%emt 0:00:30]} Bf5 {[%emt 0:03:50]} 25. Ka2 {[%emt 0:01:30]} Qe7 {[%emt 0:01:48]} 26. fxe5 {[%emt 0:00:30]} Bg6 {[%emt 0:01:21]} 27. e6+ {[%emt 0:01:30]} Bg7 {[%emt 0:00:44]} 28. Nxf7+ {[%emt 0:01:30]} Kh7 {[%emt 0:01:16]} 29. Rxg6 {[%emt 0:01:30]} Kxg6 {[%emt 0:00:50]} 30. Qg3+ {[%emt 0:00:00]} 1-0

[Event "World Junior U20 Open 2018"]
[Site "Gebze"]
[Date "2018.09.06"]
[Round "2.75"]
[White "Daghan, Devran"]
[Black "Taalaibekov, Tagir"]
[Result "0-1"]
[WhiteElo "2004"]
[BlackElo "2291"]
[Annotator "NA"]
[PlyCount "68"]
[EventDate "2018.09.05"]
[EventType "swiss"]
[EventCountry "TUR"]
[SourceTitle "playchess.com"]
[Source "ChessBase"]
[SourceQuality "1"]
[TimeControl "40/5400+30:1800+30"]

1. e4 {[%emt 0:00:30]} d6 {[%emt 0:00:30]} 2. d4 {[%emt 0:00:30]} Nf6 {[%emt 0:00:30]} 3. Nc3 {[%emt 0:00:30]} Nbd7 {[%emt 0:00:00]} 4. Be3 {[%emt 0:15:30]} e5 {[%emt 0:00:00]} 5. f3 {[%emt 0:00:30]} Be7 {[%emt 0:02:30]} 6. Nge2 {[%emt 0:03:30]} c6 {[%emt 0:03:30]} 7. Qd2 {[%emt 0:14:30]} Qc7 {[%emt 0:00:30]} 8. O-O-O {[%emt 0:00:30]} a6 {[%emt 0:02:30]} 9. g4 {[%emt 0:02:30]} b5 {[%emt 0:03:30]} 10. Ng3 {[%emt 0:02:30]} exd4 {[%emt 0:07:30]} 11. Qxd4 $16 {[%emt 0:18:30]} Ne5 {[%emt 0:00:30]} 12. Be2 {[%emt 0:00:30]} c5 {[%emt 0:17:30]} 13. Nd5 {[%emt 0:16:30]} Nxd5 {[%emt 0:01:30]} 14. Qxd5 {[%emt 0:00:30]} Bb7 {[%emt 0:00:30]} 15. Qd2 {[%emt 0:00:30]} g6 {[%emt 0:00:30]} 16. f4 {[%emt 0:10:13]} Nd7 {[%emt 0:00:30]} 17. g5 {[%emt 0:02:38]} O-O-O {[%emt 0:04:30]} 18. c4 {[%emt 0:06:52]} Bc6 {[%emt 0:03:30]} 19. Rhf1 {[%emt 0:00:32]} Rhe8 {[%emt 0:00:30]} 20. f5 {[%emt 0:01:39]} Ne5 {[%emt 0:01:30]} 21. f6 {[%emt 0:00:26]} Bf8 {[%emt 0:00:30]} 22. Qc2 {[%emt 0:00:35]} bxc4 {[%emt 0:01:30]} 23. Bxc4 {[%emt 0:00:32]} Nxc4 {[%emt 0:00:30]} 24. Qxc4 {[%emt 0:00:04]} Bb5 {[%emt 0:00:30]} 25. Qc3 {[%emt 0:00:57]} Bxf1 {[%emt 0:01:30]} 26. Rxf1 {[%emt 0:00:00]} d5 {[%emt 0:00:30]} 27. Bf4 {[%emt 0:01:01]} Bd6 {[%emt 0:02:30]} 28. Bxd6 {[%emt 0:00:30]} Rxd6 {[%emt 0:00:30]} 29. exd5 {[%emt 0:00:16]} Rxd5 {[%emt 0:00:00]} 30. Qc4 {[%emt 0:00:29]} Qd6 {[%emt 0:00:00]} 31. Ne4 {[%emt 0:00:39]} Qe6 {[%emt 0:01:30]} 32. Re1 {[%emt 0:00:35]} Rd1+ {[%emt 0:02:30]} 33. Kxd1 {[%emt 0:00:32]} Rd8+ {[%emt 0:00:00]} 34. Nd6+ {[%emt 0:00:00]} Rxd6+ {[%emt 0:00:00]} 0-1